000 01153nam a2200301 a 4500
001 ebr10417216
003 CaPaEBR
006 m u
007 cr cn|||||||||
008 101229s2009 ii a s 000 0 eng d
020 _z9788183985024
040 _aCaPaEBR
_cCaPaEBR
035 _a(OCoLC)698586610
050 1 4 _aQD151.3
_b.G87 2009eb
100 1 _aGurtu, J. N.
245 1 0 _aPragati's inorganic chemistry.
_nVol. 3
_h[electronic resource] /
_cJ.N. Gurtu, H.C. Khera.
246 1 4 _aInorganic chemistry
260 _aMeerut [India] :
_bPragati Prakashan,
_c2009.
300 _a180 p. :
_bill.
533 _aElectronic reproduction.
_bPalo Alto, Calif. :
_cebrary,
_d2013.
_nAvailable via World Wide Web.
_nAccess may be limited to ebrary affiliated libraries.
650 0 _aChemistry, Inorganic
_vTextbooks.
650 0 _aMetal complexes
_vTextbooks.
650 0 _aOrganometallic chemistry
_vTextbooks.
655 7 _aElectronic books.
_2local
700 1 _aKhera, H. C.
710 2 _aebrary, Inc.
856 4 0 _uhttp://site.ebrary.com/lib/rucke/Doc?id=10417216
_zAn electronic book accessible through the World Wide Web; click to view
999 _c187615
_d187615